000 00680nam a22001817a 4500
005 20170630152046.0
010 _aENG-118657
020 _a9788184655582
_c450.00
035 _aEN-102189
037 _bDBAD/PUB
082 _a280.21
100 _aDaniel D. Rupwate
245 _aA biblical administration of the church and society :
_cby Daniel D. Rupwate
_bnineteenth textual sermons on administration of the church and fifteen textual sermons on administration of society /
260 _aDelhi
_bISPCK
_c2017
270 _aPost Box 1585, 1654, Madarsa Road, Kashmere Gate, Delhi-110006
300 _axii,349p
_c23cm.(pbk)
942 _2ddc
_cEN
_h280.21
_mRUP
999 _c141129
_d141129